<?xml version="1.0" encoding="UTF-8"?><?xml-stylesheet type="text/xsl" href="static/style.xsl"?><OAI-PMH xmlns="http://www.openarchives.org/OAI/2.0/" xmlns:xsi="http://www.w3.org/2001/XMLSchema-instance" xsi:schemaLocation="http://www.openarchives.org/OAI/2.0/ http://www.openarchives.org/OAI/2.0/OAI-PMH.xsd"><responseDate>2026-06-07T13:53:30Z</responseDate><request verb="GetRecord" identifier="oai:docta.ucm.es:20.500.14352/60915" metadataPrefix="marc">https://docta.ucm.es/rest/oai/request</request><GetRecord><record><header><identifier>oai:docta.ucm.es:20.500.14352/60915</identifier><datestamp>2024-11-26T16:41:48Z</datestamp><setSpec>com_20.500.14352_14</setSpec><setSpec>col_20.500.14352_21</setSpec></header><metadata><record xmlns="http://www.loc.gov/MARC21/slim" xmlns:dcterms="http://purl.org/dc/terms/" xmlns:xsi="http://www.w3.org/2001/XMLSchema-instance" xmlns:doc="http://www.lyncode.com/xoai" xsi:schemaLocation="http://www.loc.gov/MARC21/slim http://www.loc.gov/standards/marcxml/schema/MARC21slim.xsd">
   <leader>00925njm 22002777a 4500</leader>
   <datafield ind2=" " ind1=" " tag="042">
      <subfield code="a">dc</subfield>
   </datafield>
   <datafield ind2=" " ind1=" " tag="720">
      <subfield code="a">Cutello, Vincenzo
</subfield>
      <subfield code="e">author</subfield>
   </datafield>
   <datafield ind2=" " ind1=" " tag="720">
      <subfield code="a">Montero De Juan, Francisco Javier</subfield>
      <subfield code="e">author</subfield>
   </datafield>
   <datafield ind2=" " ind1=" " tag="260">
      <subfield code="c">1995</subfield>
   </datafield>
   <datafield ind2=" " ind1=" " tag="520">
      <subfield code="a">In this paper we survey on aggregation operators and in particular hierarchies of them. As a case study, we will analyze the problems of the aggregation of truth values of fuzzy predicates and the aggregation of individual opinions into a single group opinion, based upon hierarchical intensity aggregation rules. We will see that hierarchical amalgamations are supported from an ethical and rational point of view. Two different hierarchical procedures will be recalled: cover-based hierarchical aggregations and ordered hierarchical aggregations. Finally we will see that when we deal with ordered hierarchical aggregations of OWA operators, some interesting computational problems appear quite naturally. Such problem admit polynomial time solutions.</subfield>
   </datafield>
   <datafield ind1="8" ind2=" " tag="024">
      <subfield code="a">Cutello, V., Montero, J.: Information Aggregation: Ethical and Computational Issues. En: Ruan, D. (ed.) Fuzzy Set Theory and Advanced Mathematical Applications. pp. 175-200. Springer US, Boston, MA (1995)</subfield>
   </datafield>
   <datafield ind1="8" ind2=" " tag="024">
      <subfield code="a">0-7923-9586-7</subfield>
   </datafield>
   <datafield ind1="8" ind2=" " tag="024">
      <subfield code="a">10.1007/978-1-4615-2357-4_7</subfield>
   </datafield>
   <datafield ind1="8" ind2=" " tag="024">
      <subfield code="a">https://hdl.handle.net/20.500.14352/60915</subfield>
   </datafield>
   <datafield ind1="8" ind2=" " tag="024">
      <subfield code="a">https//doi.org/10.1007/978-1-4615-2357-4_7</subfield>
   </datafield>
   <datafield ind1="8" ind2=" " tag="024">
      <subfield code="a">http://link.springer.com/chapter/10.1007%2F978-1-4615-2357-4_7</subfield>
   </datafield>
   <datafield ind2="0" ind1="0" tag="245">
      <subfield code="a">Information and aggregation: ethical and computational issues</subfield>
   </datafield>
</record></metadata></record></GetRecord></OAI-PMH>